IFM Opac

Principles of Corporate Finance (Record no. 22233)

MARC details
000 -LEADER
fixed length control field 00465nam a22001817a 4500
020 ## - INTERNATIONAL STANDARD BOOK NUMBER
ISBN 978-1-265-07415-9
082 ## - DEWEY DECIMAL CLASSIFICATION NUMBER
Classification number 658.15
100 ## - MAIN ENTRY--AUTHOR NAME
Personal name Principles of Corporate Finance
245 ## - TITLE STATEMENT
Title Principles of Corporate Finance
250 ## - EDITION STATEMENT
Edition statement 14th
260 ## - PUBLICATION, DISTRIBUTION, ETC. (IMPRINT)
Place of publication New York:
Name of publisher McGraw-Hill,
Year of publication 2023
300 ## - PHYSICAL DESCRIPTION
Number of Pages xxx, 986p.: ill.; 25cm
700 ## - ADDED ENTRY--PERSONAL NAME
Personal name Brealey, Richard A.
700 ## - ADDED ENTRY--PERSONAL NAME
Personal name Myers, Stewart C.
700 ## - ADDED ENTRY--PERSONAL NAME
Personal name Allen, Franklin
700 ## - ADDED ENTRY--PERSONAL NAME
Personal name Edmans, Alex
942 ## - ADDED ENTRY ELEMENTS (KOHA)
Koha item type Books
Holdings
Withdrawn status Lost status Damaged status Not for loan Collection code Permanent Location Current Location Shelving location Date acquired Source of acquisition Full call number Accession Number Price effective from Koha item type
        Non-fiction IFM Main Campus Library IFM Main Campus Library Work Room processing 01/27/2026 Purchased 658.15 PRI 0000030494 01/27/2026 Books
        Non-fiction IFM Main Campus Library IFM Main Campus Library Work Room processing 01/27/2026 Purchased 658.15 PRI 0000030977 01/27/2026 Books
        Non-fiction IFM Main Campus Library IFM Main Campus Library Work Room processing 01/27/2026 Purchased 658.15 PRI 0000030979 01/27/2026 Books
        Non-fiction IFM Main Campus Library IFM Main Campus Library Work Room processing 01/27/2026 Purchased 658.15 PRI 000030978 01/27/2026 Books
        Non-fiction IFM Main Campus Library IFM Main Campus Library Work Room processing 01/27/2026 Purchased 658.15 PRI 0000030980 01/27/2026 Books
        Non-fiction IFM Main Campus Library IFM Main Campus Library Work Room processing 01/27/2026 Purchased 658.15 PRI 0000030981 01/27/2026 Books